Prentice Hall's workers' compensation handbook /

Bibliographic Details
Main Author: Grenig, Jay E.
Corporate Author: Prentice-Hall, Inc
Format: Book
Language:English
Published: Paramus, N.J. : Prentice Hall Information Services, [1987]
Subjects:

MARC

Tag First Indicator Second Indicator Subfields
LEADER 00000cam a2200000 a 4500
001 in00000026850
005 20151007054552.0
008 880310s1987 njuak f 00110 eng d
035 |a (OCoLC)17605965 
035 |9 AAB5536AM 
040 |a FBR  |c FBR  |d FSL  |d TXA  |d UtOrBLW 
043 |a n-us--- 
049 |a TXAM  |c [A11521383] 
050 4 |a KF3615  |b .G74 1987 
082 0 4 |a 344.73021 
100 1 |a Grenig, Jay E. 
245 1 0 |a Prentice Hall's workers' compensation handbook /  |c by Jay E. Grenig. 
264 1 |a Paramus, N.J. :  |b Prentice Hall Information Services,  |c [1987] 
264 4 |c ©1987 
300 |a 1 volume (various pagings) :  |b illustrations, forms ;  |c 24 cm. 
336 |a text  |b txt  |2 rdacontent 
337 |a unmediated  |b n  |2 rdamedia 
338 |a volume  |b nc  |2 rdacarrier 
500 |a Spine title: PH workers' compensation handbook. 
504 |a Includes bibliographies and index. 
650 0 |a Workers' compensation  |x Law and legislation  |z United States  |x Handbooks, manuals, etc. 
650 0 |a Workers' compensation  |x Law and legislation  |z United States  |x States  |x Handbooks, manuals, etc. 
710 2 |a Prentice-Hall, Inc. 
740 0 |a Workers' compensation handbook. 
740 0 |a PH workers' compensation handbook. 
999 |a MARS 
999 f f |s cacc7bf5-fff8-34ca-8075-8c18cd2cee72  |i 2a54d53f-463b-3565-8f93-0fd80c89f3f6  |t 0 
952 f f |p ric  |a Texas A&M University  |b Rellis Campus  |c Joint Library Facility  |d Remote Storage  |t 0  |e KF3615 .G74 1987  |h Library of Congress classification  |i unmediated -- volume  |m A14811521383 
998 f f |a KF3615 .G74 1987  |t 0  |l Remote Storage